[Event "Russian Championship G11 1st league 2016"]
[Site "Loo"]
[Date "2016.04.24"]
[Round "5.7"]
[White "Nuritdinova, Ilzira"]
[Black "Elnikova, Milena"]
[Result "1-0"]
[WhiteElo "1353"]
[BlackElo "1203"]
[PlyCount "143"]
[EventDate "2016.04.20"]

1. e4 e6 2. d4 d5 3. Bd3 Nc6 4. Nf3 Nge7 5. Nc3 Ng6 6. O-O Be7 7. a3 O-O 8. Re1
dxe4 9. Bxe4 e5 10. Nd5 exd4 11. Nxd4 Nxd4 12. Qxd4 c6 13. Nxe7+ Nxe7 14. Qxd8
Rxd8 15. Be3 Bf5 16. Bc5 Bxe4 17. Bxe7 Rd4 18. c3 Rc4 19. b3 Rxc3 20. Rxe4 Rxb3
21. Rb4 Rd3 22. Rxb7 f6 23. g3 Rd5 24. Rc1 Rb5 25. Rxb5 cxb5 26. Rc7 a5 27. Rb7
b4 28. Kf1 bxa3 29. Bxa3 Kh8 30. Ke2 Re8+ 31. Kd3 Rd8+ 32. Kc4 h5 33. Rb5 Rd2
34. Rxa5 Rxf2 35. Rxh5+ Kg8 36. Kd4 Rd2+ 37. Ke4 Ra2 38. Bd6 Re2+ 39. Kf3 Re6
40. Bc5 g6 41. Rd5 Kh7 42. Kf4 Kh6 43. Rd6 Re5 44. Be3 g5+ 45. Kf3 Rf5+ 46. Ke4
Re5+ 47. Kd3 Kg6 48. Bd4 Rf5 49. Bxf6 Rxf6 50. Rxf6+ Kxf6 51. Ke4 Kg6 52. Ke5
Kh5 53. Kf5 g4 54. Kf4 Kg6 55. Kxg4 Kf6 56. h4 Kg6 57. Kf4 Kf6 58. h5 Kf7 59.
Kg5 Kg7 60. Kf5 Kh6 61. g4 Kg7 62. Kg5 Kh7 63. h6 Kg8 64. Kf5 Kh7 65. g5 Kh8
66. Kg6 Kg8 67. h7+ Kh8 68. Kf7 Kxh7 69. g6+ Kh8 70. g7+ Kh7 71. g8=Q+ Kh6 72.
Qg6# 1-0

[Event "Russian Championship G11 1st league 2016"]
[Site "Loo"]
[Date "2016.04.24"]
[Round "5.10"]
[White "Shatkovskaia, Elizaveta"]
[Black "Li, Darina"]
[Result "1-0"]
[WhiteElo "1140"]
[BlackElo "1223"]
[PlyCount "79"]
[EventDate "2016.04.20"]

1. e4 e5 2. d4 Nc6 3. Nf3 d6 4. dxe5 Nxe5 5. Nxe5 dxe5 6. Qxd8+ Kxd8 7. Nc3 Bb4
8. Bd2 Nf6 9. O-O-O Ke7 10. f3 Be6 11. Nd5+ Nxd5 12. exd5 Bxd2+ 13. Rxd2 Bf5
14. Bd3 Bxd3 15. Rxd3 Rad8 16. Rhd1 Kd6 17. c4 Kc5 18. b3 Rd6 19. Kc2 Rhd8 20.
Kc3 a6 21. b4+ Kb6 22. c5+ Ka7 23. cxd6 Rxd6 24. Rc1 Kb8 25. Kd2 Kc8 26. Ke3 f6
27. Re1 Kd7 28. f4 exf4+ 29. Kxf4 Kd8 30. Red1 Ke7 31. Ke4 Kf7 32. Rc1 Rd7 33.
Rdc3 f5+ 34. Ke5 g6 35. Rxc7 Rxc7 36. Rxc7+ Ke8 37. d6 Kd8 38. Ke6 f4 39. Rxh7
Kc8 40. Rh8# 1-0

[Event "Russian Championship G11 1st league 2016"]
[Site "Loo"]
[Date "2016.04.24"]
[Round "5.11"]
[White "Bodrykh, Maya"]
[Black "Mikhailina, Olga"]
[Result "0-1"]
[WhiteElo "1022"]
[BlackElo "1215"]
[PlyCount "130"]
[EventDate "2016.04.20"]

1. e4 e5 2. Nf3 Nf6 3. Nxe5 d6 4. Nf3 Nxe4 5. d4 d5 6. Bd3 Be7 7. O-O Nc6 8. h3
O-O 9. Qe2 f5 10. c3 Rf6 11. Nbd2 Re6 12. Qd1 b6 13. Re1 Bb7 14. Nh2 Rg6 15.
Qe2 Qd7 16. Bb5 Re8 17. c4 Qd6 18. Bxc6 Bxc6 19. cxd5 Qxd5 20. Nxe4 fxe4 21.
Qe3 Bg5 22. Qb3 Qxb3 23. axb3 Bxc1 24. Raxc1 Ree6 25. Rcd1 Bd5 26. b4 e3 27. f3
e2 28. Rd2 Bc4 29. b3 Bb5 30. d5 Rd6 31. Ng4 c6 32. Ne5 Rg5 33. Nc4 Rdxd5 34.
Rexe2 Rxd2 35. Rxd2 Rd5 36. Kf2 Bxc4 37. Rxd5 Bxd5 38. Ke3 Bxb3 39. Kd4 a5 40.
bxa5 bxa5 41. Kc3 a4 42. Kb4 c5+ 43. Ka3 c4 44. Kb2 a3+ 45. Kxa3 Kf7 46. Kb2
Kf6 47. Kc3 Ke5 48. g3 g6 49. h4 h6 50. f4+ Kf5 51. Kb2 Kg4 52. Kc3 Kxg3 53. h5
gxh5 54. f5 Ba4 55. f6 Be8 56. Kxc4 Kf4 57. Kd5 Kf5 58. Kd4 Kxf6 59. Ke4 Kg5
60. Kf3 h4 61. Kg2 Kg4 62. Kh2 h3 63. Kh1 Kg3 64. Kg1 h2+ 65. Kf1 h1=Q+ 0-1

[Event "Russian Championship G11 1st league 2016"]
[Site "Loo"]
[Date "2016.04.24"]
[Round "5.14"]
[White "Mutina, Sofia"]
[Black "Donchenko, Ekaterina"]
[Result "1-0"]
[WhiteElo "1217"]
[BlackElo "1421"]
[PlyCount "63"]
[EventDate "2016.04.20"]

1. d4 Nf6 2. c4 g6 3. Nc3 Bg7 4. e4 d6 5. f3 O-O 6. Be3 Nbd7 7. Qd2 Re8 8. g4
e5 9. d5 a6 10. h4 h5 11. Be2 b6 12. O-O-O Bb7 13. Bg5 Qc8 14. gxh5 Nxh5 15. f4
exf4 16. Bxh5 gxh5 17. Bxf4 Kh7 18. Nge2 Nf6 19. Qd3 Ng4 20. Qf3 Qd7 21. Ng3 b5
22. Nxh5 Ne5 23. Qg3 Bh8 24. Qg5 Ng6 25. Qh6+ Kg8 26. Bg5 f5 27. Qxg6+ Kf8 28.
Rhf1 Re5 29. Rxf5+ Rxf5 30. exf5 bxc4 31. Re1 Re8 32. Bh6+ 1-0

[Event "Russian Championship G11 1st league 2016"]
[Site "Loo"]
[Date "2016.04.24"]
[Round "5.15"]
[White "Vidershpan, Viktoriia"]
[Black "Krasnikova, Regina"]
[Result "1-0"]
[WhiteElo "1204"]
[BlackElo "1371"]
[PlyCount "149"]
[EventDate "2016.04.20"]

1. e4 e5 2. Nf3 Nc6 3. Bc4 Nf6 4. d3 h6 5. c3 Be7 6. O-O O-O 7. Nbd2 d6 8. Bb3
Be6 9. Bc2 d5 10. exd5 Bxd5 11. Ne4 Nxe4 12. dxe4 Be6 13. h3 a5 14. Be3 Qxd1
15. Rfxd1 Rfd8 16. Bb3 Bxb3 17. axb3 Rd6 18. Rd2 Rxd2 19. Nxd2 Rd8 20. Kf1 f6
21. Ke2 Kf7 22. Nc4 b6 23. Rd1 Rxd1 24. Kxd1 Na7 25. Kc2 Nb5 26. Kd3 Ke6 27.
Ke2 h5 28. g3 g5 29. f4 gxf4 30. gxf4 Nd6 31. Nxd6 Kxd6 32. f5 Kc6 33. Kf3 Kd7
34. Kg3 Ke8 35. Kh4 Kf7 36. Kxh5 Kg7 37. h4 Kh7 38. Kg4 Bf8 39. Kf3 Kg7 40. Ke2
Kf7 41. Kd3 Ke7 42. Kc4 Kd6 43. Kb5 Kd7 44. h5 Bg7 45. b4 axb4 46. Kxb4 Kc6 47.
c4 Bf8+ 48. Kc3 Bg7 49. Bf2 b5 50. cxb5+ Kxb5 51. Bh4 Kc5 52. Bf2+ Kb5 53. b4
Bf8 54. Be3 Bxb4+ 55. Kd3 Bf8 56. h6 c5 57. h7 Bg7 58. Ke2 c4 59. Kf3 Kc6 60.
Kg4 Kd7 61. Kh5 Ke7 62. Kg6 Bh8 63. Bc5+ Ke8 64. Bb4 c3 65. Bxc3 Kf8 66. Bb4+
Ke8 67. Ba3 Kd7 68. Kf7 Kc6 69. Kg8 Kb5 70. Kxh8 Kc4 71. Kg7 Kd4 72. h8=Q Kxe4
73. Kxf6 Kd5 74. Qd8+ Ke4 75. Kg5 1-0

[Event "Russian Championship G11 1st league 2016"]
[Site "Loo"]
[Date "2016.04.24"]
[Round "5.16"]
[White "Zavivaeva, Evelina"]
[Black "Stakina, Melissa"]
[Result "0-1"]
[WhiteElo "1217"]
[BlackElo "1332"]
[PlyCount "100"]
[EventDate "2016.04.20"]

1. e4 e5 2. Nf3 Nc6 3. Bc4 d6 4. d4 exd4 5. Nxd4 Nf6 6. Nc3 Be7 7. O-O O-O 8.
Bf4 Bg4 9. Qd3 Ne5 10. Bxe5 dxe5 11. Nb3 Qxd3 12. Bxd3 Bb4 13. Nd5 Nxd5 14.
exd5 Rad8 15. Bc4 a6 16. a4 f5 17. f3 Bh5 18. c3 Bd6 19. Rfe1 Bf7 20. Rad1 c6
21. Kf1 b5 22. axb5 axb5 23. Bd3 Bxd5 24. Na5 Ra8 25. Nb7 Be7 26. Rxe5 Rf7 27.
b4 Bf6 28. Rxd5 cxd5 29. Bxb5 Rxb7 30. Bc6 Rbb8 31. Bxd5+ Kf8 32. Bxa8 Rxa8 33.
c4 Ra4 34. Rc1 Rxb4 35. c5 Rb7 36. Ke2 Ke7 37. Kd3 Rb4 38. Rc4 Rxc4 39. Kxc4
Be5 40. h3 Kf6 41. g4 fxg4 42. fxg4 Kg5 43. Kd5 Bh2 44. c6 Kh4 45. Ke6 Kxh3 46.
Kf5 Kh4 47. g5 Kh5 48. Ke6 Kxg5 49. Kf7 h5 50. Kxg7 h4 0-1

[Event "Russian Championship G11 1st league 2016"]
[Site "Loo"]
[Date "2016.04.24"]
[Round "5.19"]
[White "Afonaseva, Valeriya"]
[Black "Anchikova, Olga"]
[Result "1-0"]
[WhiteElo "1375"]
[BlackElo "1217"]
[PlyCount "107"]
[EventDate "2016.04.20"]

1. d4 d5 2. Nf3 e6 3. e3 Nf6 4. Bd3 c5 5. b3 Qa5+ 6. Qd2 Qxd2+ 7. Nbxd2 Bd6 8.
e4 dxe4 9. Nxe4 Nxe4 10. Bxe4 cxd4 11. Nxd4 Bb4+ 12. Bd2 Bxd2+ 13. Kxd2 O-O 14.
Ke3 Rd8 15. Rad1 Na6 16. Nb5 Rxd1 17. Rxd1 f5 18. Rd8+ Kf7 19. Bf3 Ke7 20. Rh8
h6 21. Nxa7 Rxa7 22. Rxc8 Kd7 23. Rg8 g5 24. Rh8 Kc7 25. Rh7+ Kb8 26. Rxh6 g4
27. Be2 Nc5 28. b4 Ne4 29. f3 gxf3 30. gxf3 Ng5 31. f4 Ne4 32. Bc4 Nd6 33. Bxe6
Ra3+ 34. Ke2 Rc3 35. Bb3 Rc6 36. c4 Kc7 37. c5 Nb5 38. Rxc6+ Kxc6 39. Kd3 Nc7
40. Kd4 b6 41. cxb6 Kxb6 42. h4 Ne8 43. h5 Nf6 44. h6 Kc6 45. Be6 Kb5 46. Bxf5
Kxb4 47. h7 Nxh7 48. Bxh7 Ka3 49. f5 Kxa2 50. f6 Kb2 51. f7 Kc1 52. f8=Q Kd1
53. Qf2 Kc1 54. Qc2# 1-0

[Event "Russian Championship G11 2016"]
[Site "Loo"]
[Date "2016.04.24"]
[Round "5.1"]
[White "Mikheeva, Galina"]
[Black "Cherepanova, Evita"]
[Result "1-0"]
[WhiteElo "1533"]
[BlackElo "1689"]
[PlyCount "103"]
[EventDate "2016.04.20"]

1. e4 e6 2. d4 d5 3. e5 c5 4. c3 Qb6 5. Nf3 Nc6 6. a3 Nh6 7. b4 cxd4 8. Bxh6
gxh6 9. cxd4 Bd7 10. Ra2 a5 11. b5 Ne7 12. Rc2 Ng6 13. g3 Bg7 14. Bd3 O-O 15.
O-O Rac8 16. Qd2 Rxc2 17. Qxc2 Rc8 18. Qd2 Qc7 19. a4 b6 20. Qe3 Be8 21. Nfd2
Qd8 22. Nf3 h5 23. Rc1 h4 24. Bxg6 hxg6 25. Nxh4 Bd7 26. Nf3 Rxc1+ 27. Qxc1 Qc8
28. Qxc8+ Bxc8 29. Kf1 f6 30. exf6 Bxf6 31. Ke2 Kf8 32. Nc3 Ke7 33. Ke3 g5 34.
Ne5 Kd6 35. f4 gxf4+ 36. gxf4 Bd7 37. Kf3 Be8 38. Kg4 Bd7 39. h4 Be8 40. Ne2
Kc7 41. Ng3 Kd6 42. h5 Be7 43. h6 Bf6 44. Nh5 Ke7 45. Ng7 Bxg7 46. hxg7 Bf7 47.
Kg5 Bg8 48. Kg6 Kd6 49. Nf7+ Kd7 50. Nh6 e5 51. Nxg8 exd4 52. Nf6+ 1-0

[Event "Russian Championship G11 2016"]
[Site "Loo"]
[Date "2016.04.24"]
[Round "5.2"]
[White "Zvereva, Margarita"]
[Black "Alekseenko, Mariya"]
[Result "1/2-1/2"]
[WhiteElo "1768"]
[BlackElo "1604"]
[PlyCount "118"]
[EventDate "2016.04.20"]

1. e4 c5 2. Nf3 e6 3. d4 cxd4 4. Nxd4 a6 5. Bd3 Qc7 6. O-O Nf6 7. Qe2 d6 8. c4
Be7 9. Nc3 b6 10. b3 Bb7 11. Bb2 Nbd7 12. Rae1 Rc8 13. f4 Qc5 14. Na4 Qh5 15.
Nf3 O-O 16. e5 dxe5 17. fxe5 Ne8 18. Rd1 Rd8 19. Bd4 Nc5 20. Nxc5 bxc5 21. Bc3
Nc7 22. Ba5 Rc8 23. Be4 Bxe4 24. Qxe4 Na8 25. Qb7 Bg5 26. Nxg5 Qxg5 27. Rde1
Rce8 28. Qxa6 Qe7 29. Qd6 Qa7 30. Qd2 Nb6 31. Bxb6 Qxb6 32. Rf3 Rd8 33. Qc2 Rd7
34. Rh3 h6 35. Rd3 Rfd8 36. Rxd7 Rxd7 37. Qe4 Rd8 38. Rf1 Qc7 39. h3 Rd4 40.
Qe3 Rd8 41. Rf3 Rd1+ 42. Kh2 Rd4 43. Rg3 Kh7 44. b4 g6 45. bxc5 Qxc5 46. Rg4
Rxc4 47. Qe2 Rxg4 48. hxg4 Qa3 49. Qf3 Qe7 50. Qf6 Qc7 51. Qf4 Kg7 52. a4 Qa7
53. Qb4 Qe3 54. Qb5 Qf4+ 55. Kh3 Qe3+ 56. g3 Qc1 57. Qe2 Qh1+ 58. Qh2 Qa8 59.
Qc2 Qh1+ 1/2-1/2

[Event "Russian Championship G11 2016"]
[Site "Loo"]
[Date "2016.04.24"]
[Round "5.3"]
[White "Kuznetsova, Marina"]
[Black "Krupnova, Anna"]
[Result "1-0"]
[WhiteElo "1312"]
[BlackElo "1591"]
[PlyCount "103"]
[EventDate "2016.04.20"]

1. e4 c5 2. Nc3 e6 3. g3 d5 4. d3 dxe4 5. Nxe4 Be7 6. Be3 Nf6 7. Bg2 Qc7 8. Ne2
O-O 9. N2c3 Nbd7 10. O-O Rd8 11. a4 Nxe4 12. Nxe4 Nf6 13. Qe2 Bd7 14. d4 Nxe4
15. Bxe4 Bc6 16. Bxc6 Qxc6 17. dxc5 Bxc5 18. Bxc5 Qxc5 19. Rfd1 h6 20. Rxd8+
Rxd8 21. Rd1 Rxd1+ 22. Qxd1 Qc6 23. b3 a6 24. Qd3 e5 25. c3 e4 26. Qc2 f5 27.
Qd2 Kh7 28. Qf4 Qe6 29. c4 Kg6 30. Qe3 Kf6 31. Qd4+ Kf7 32. b4 g5 33. b5 axb5
34. cxb5 f4 35. gxf4 gxf4 36. f3 Qg6+ 37. Kf1 Qh5 38. Qxe4 Qxh2 39. Qxb7+ Kg6
40. Qc6+ Kg5 41. b6 Qh3+ 42. Ke2 Qg2+ 43. Kd3 Qf1+ 44. Kd4 Qf2+ 45. Kc4 Qe2+
46. Kb4 Qe1+ 47. Kb5 Qe2+ 48. Ka5 Qe1+ 49. Ka6 Qe2+ 50. Qb5+ Qxb5+ 51. Kxb5 h5
52. b7 1-0

[Event "Russian Championship G11 2016"]
[Site "Loo"]
[Date "2016.04.24"]
[Round "5.4"]
[White "Alimova, Dana"]
[Black "Smagulova, Zhanbota"]
[Result "1-0"]
[WhiteElo "1458"]
[BlackElo "1289"]
[PlyCount "45"]
[EventDate "2016.04.20"]

1. e4 e5 2. Nf3 Nc6 3. d4 exd4 4. Nxd4 Bc5 5. Nxc6 bxc6 6. Bd3 d6 7. O-O Nf6 8.
Bg5 O-O 9. Nd2 h6 10. Bh4 Bg4 11. Bxf6 Bxd1 12. Bxd8 Bxc2 13. Bxc2 Rfxd8 14.
Nb3 Bb6 15. Rad1 d5 16. a4 Rd6 17. a5 Re8 18. axb6 cxb6 19. exd5 cxd5 20. Rfe1
Kf8 21. Rxe8+ Kxe8 22. Be4 Ke7 23. Rxd5 1-0

[Event "Russian Championship G11 2016"]
[Site "Loo"]
[Date "2016.04.24"]
[Round "5.6"]
[White "Shirokova, Sofiya"]
[Black "Kudryavtseva, Anastasia"]
[Result "0-1"]
[WhiteElo "1408"]
[BlackElo "1243"]
[PlyCount "88"]
[EventDate "2016.04.20"]

1. e4 d6 2. Nf3 Nf6 3. Nc3 g6 4. d4 Bg7 5. Be2 O-O 6. O-O c6 7. Be3 Nbd7 8. Qd2
Re8 9. d5 c5 10. Rab1 a6 11. a4 Qc7 12. Rfd1 Rb8 13. Bc4 Nb6 14. Be2 Bd7 15.
Ra1 Nc8 16. Bf4 Bg4 17. h3 Bxf3 18. Bxf3 Nd7 19. h4 b5 20. axb5 axb5 21. Rdb1
b4 22. Ne2 Ncb6 23. c3 Nc4 24. Qc2 b3 25. Qd1 Nde5 26. Ng3 Nxf3+ 27. Qxf3 Ne5
28. Qe2 c4 29. h5 Nd3 30. Bd2 Ra8 31. Rxa8 Rxa8 32. hxg6 fxg6 33. Be1 Qa7 34.
Nf1 Qc7 35. Ne3 Ra2 36. f3 Qa7 37. Bf2 Ra1 38. Qf1 Rxb1 39. Qxb1 Qa2 40. Qxa2
bxa2 41. Nc2 Nc1 42. Bh4 Kf7 43. Kf1 Nb3 44. Ke2 a1=Q 0-1

[Event "Russian Championship G11 2016"]
[Site "Loo"]
[Date "2016.04.24"]
[Round "5.7"]
[White "Shubenkova, Veronika"]
[Black "Tsamalaidze, Liana"]
[Result "1/2-1/2"]
[WhiteElo "1347"]
[BlackElo "1362"]
[PlyCount "87"]
[EventDate "2016.04.20"]

1. d4 d5 2. Nf3 Nf6 3. g3 Bg4 4. Ne5 Bf5 5. Bg2 e6 6. O-O Nbd7 7. Nf3 Bd6 8. c4
c6 9. Nc3 O-O 10. Re1 Bg6 11. Bg5 dxc4 12. e4 e5 13. Bxf6 Qxf6 14. d5 c5 15.
Rc1 a6 16. a4 Rab8 17. Qe2 Bh5 18. h3 b5 19. axb5 axb5 20. g4 Bg6 21. Ra1 Bc7
22. Nd1 Ra8 23. Rxa8 Rxa8 24. Nc3 Rb8 25. Ra1 Qb6 26. h4 h6 27. h5 Bh7 28. Nh4
Nf6 29. Nf5 Bxf5 30. gxf5 b4 31. Nd1 Qb5 32. Bf1 Kh7 33. Qf3 Nd7 34. b3 Nb6 35.
bxc4 Qd7 36. Nb2 Ra8 37. Rxa8 Nxa8 38. Bh3 f6 39. Qg4 Bd6 40. Bf1 Nb6 41. Qd1
Qa7 42. Be2 Qa3 43. Qc2 Qc3 44. Bd3 1/2-1/2

[Event "Russian Championship G11 2016"]
[Site "Loo"]
[Date "2016.04.24"]
[Round "5.10"]
[White "Melenchuk, Olga"]
[Black "Platuschikhina, Darya"]
[Result "0-1"]
[WhiteElo "1579"]
[BlackElo "1412"]
[PlyCount "70"]
[EventDate "2016.04.20"]

1. Nf3 Nf6 2. c4 e6 3. Nc3 c5 4. e4 Nc6 5. d4 cxd4 6. Nxd4 a6 7. Be2 Bb4 8.
Nxc6 bxc6 9. Qc2 Bxc3+ 10. bxc3 Qa5 11. O-O Qe5 12. f3 O-O 13. Ba3 Re8 14. Rad1
d5 15. exd5 exd5 16. Bd3 Bd7 17. Qd2 Qe3+ 18. Qxe3 Rxe3 19. Bc5 Ree8 20. Rfe1
Be6 21. cxd5 Nxd5 22. Rc1 Nf4 23. Be4 Rec8 24. a3 f5 25. Bc2 Kf7 26. Rb1 Rab8
27. Rxb8 Rxb8 28. Bd6 Rb2 29. Bxf5 Ne2+ 30. Kf1 Bxf5 31. Rxe2 Bd3 32. Ke1 Rxe2+
33. Kd1 Rxg2 34. Ke1 Ke6 35. Bb8 Re2+ 0-1

[Event "Russian Championship G11 2016"]
[Site "Loo"]
[Date "2016.04.24"]
[Round "5.11"]
[White "Suravtseva, Alisa"]
[Black "Yusupova, Elina"]
[Result "0-1"]
[WhiteElo "1511"]
[BlackElo "1243"]
[PlyCount "103"]
[EventDate "2016.04.20"]

1. e4 c5 2. Nf3 d6 3. d4 cxd4 4. Qxd4 Nc6 5. Bb5 Bd7 6. Bxc6 Bxc6 7. Nc3 Nf6 8.
Bg5 g6 9. Bxf6 exf6 10. O-O-O Bg7 11. Qxd6 Qxd6 12. Rxd6 O-O 13. Nd5 Rfd8 14.
Rxd8+ Rxd8 15. Ne7+ Kf8 16. Nxc6 Bh6+ 17. Kb1 bxc6 18. c3 Ke7 19. Kc2 Bf4 20.
Nd4 Kd7 21. Rd1 Kc7 22. g3 Bd6 23. f4 Kb7 24. Nf3 Bc7 25. Rxd8 Bxd8 26. Kd3 Bb6
27. Kc4 Be3 28. b4 g5 29. fxg5 fxg5 30. g4 Bf4 31. a4 h5 32. h3 h4 33. Kd4 Kb6
34. Kc4 a5 35. Nd4 axb4 36. cxb4 f6 37. Nb3 Be5 38. Nc5 Ba1 39. a5+ Ka7 40. Nd3
Kb7 41. Nc1 Be5 42. Nb3 Ka6 43. Nd4 Kb7 44. Kc5 Bxd4+ 45. Kxd4 Ka6 46. Kc5 Kb7
47. a6+ Kxa6 48. Kxc6 Ka7 49. b5 Ka8 50. b6 Kb8 51. b7 Ka7 52. Kc7 0-1

[Event "Russian Championship G11 2016"]
[Site "Loo"]
[Date "2016.04.24"]
[Round "5.12"]
[White "Zavivaeva, Emilia"]
[Black "Nikolaeva, Nadezhda"]
[Result "0-1"]
[WhiteElo "1497"]
[BlackElo "1237"]
[PlyCount "84"]
[EventDate "2016.04.20"]

1. e4 c5 2. Nf3 d6 3. d4 cxd4 4. Nxd4 Nf6 5. Nc3 Nc6 6. Be3 Ng4 7. Qd2 Nxe3 8.
Qxe3 Qb6 9. O-O-O g6 10. Nd5 Qd8 11. Nxc6 bxc6 12. Qc3 cxd5 13. Qxh8 dxe4 14.
Qd4 f5 15. Qd5 Rb8 16. Bc4 e6 17. Bb5+ Kf7 18. Qc6 Rb6 19. Qc4 Bg7 20. c3 Bd7
21. Bxd7 Qxd7 22. Rde1 Qb7 23. Qe2 d5 24. Qd2 Bxc3 25. Qxc3 Rc6 26. Qxc6 Qxc6+
27. Kb1 Qb6 28. Re2 d4 29. Rd2 Kf6 30. Rhd1 Ke5 31. g3 g5 32. Re2 f4 33. Rde1
e3 34. fxe3 fxe3 35. Kc2 Ke4 36. Rd1 Qb5 37. Ree1 d3+ 38. Kb1 e2 39. Rd2 Ke3
40. Rdxe2+ dxe2 41. Rc1 Qd3+ 42. Ka1 Qd1 0-1

[Event "Russian Championship G11 2016"]
[Site "Loo"]
[Date "2016.04.24"]
[Round "5.13"]
[White "Mikhalevich, Arina"]
[Black "Badmaeva, Elzjata"]
[Result "1-0"]
[WhiteElo "1310"]
[BlackElo "1477"]
[PlyCount "77"]
[EventDate "2016.04.20"]

1. e4 c5 2. Nf3 d6 3. d4 cxd4 4. Nxd4 Nf6 5. Nc3 g6 6. Be3 Bg7 7. f3 O-O 8. Qd2
Nc6 9. g4 d5 10. g5 Nh5 11. exd5 Ne5 12. Be2 Qc7 13. O-O-O a6 14. Nb3 b5 15. d6
exd6 16. Qxd6 Qxd6 17. Rxd6 Bf5 18. f4 Nc4 19. Bxc4 bxc4 20. Nd4 Bc8 21. Rd1
Re8 22. Bd2 Bg4 23. Rf1 Rad8 24. Rxd8 Rxd8 25. Nc6 Re8 26. Nd5 Bh3 27. Nce7+
Kf8 28. Re1 Be6 29. Bb4 Bh8 30. Nxg6+ Kg7 31. Nxh8 Kxh8 32. Nc7 Rb8 33. Bc3+
Kg8 34. Nxe6 fxe6 35. Rxe6 Nxf4 36. Re4 Nh3 37. Rxc4 Nxg5 38. Rg4 h6 39. h4 1-0

[Event "Russian Championship G11 2016"]
[Site "Loo"]
[Date "2016.04.24"]
[Round "5.14"]
[White "Poliato, Irina"]
[Black "Lubarskaya, Regina"]
[Result "1-0"]
[WhiteElo "1140"]
[BlackElo "1391"]
[PlyCount "63"]
[EventDate "2016.04.20"]

1. d4 d5 2. c4 c6 3. Nc3 Nf6 4. Bf4 Bf5 5. e3 Nbd7 6. cxd5 cxd5 7. Qb3 Qb6 8.
Qxb6 Nxb6 9. Nb5 e5 10. Nc7+ Kd7 11. Nxa8 Bb4+ 12. Kd1 exf4 13. Nxb6+ axb6 14.
Bb5+ Kd6 15. a3 Ne4 16. axb4 Nxf2+ 17. Ke2 Nxh1 18. Nf3 Ng3+ 19. hxg3 fxg3 20.
Rc1 h5 21. Ne5 Be6 22. Rf1 f6 23. Ng6 Rh6 24. Nh4 Bg4+ 25. Kd3 Ke6 26. e4 Rh7
27. exd5+ Kxd5 28. Nf5 h4 29. Ne3+ Kd6 30. Nxg4 h3 31. gxh3 Rxh3 32. Ne3 1-0

[Event "Russian Championship G13 1st league 2016"]
[Site "Loo"]
[Date "2016.04.24"]
[Round "5.1"]
[White "Dedushinskaya, Anna"]
[Black "Karelina, Viktoriya"]
[Result "0-1"]
[WhiteElo "1366"]
[BlackElo "1673"]
[PlyCount "64"]
[EventDate "2016.04.20"]

1. e4 c6 2. d4 d5 3. e5 Bf5 4. g4 Bg6 5. h4 h5 6. e6 Qd6 7. exf7+ Bxf7 8. g5
Nd7 9. Qf3 e5 10. dxe5 Nxe5 11. Qe3 Ne7 12. Bd2 d4 13. Qg3 O-O-O 14. Bh3+ Be6
15. Bf4 N7g6 16. Ne2 d3 17. Bxe6+ Qxe6 18. Nec3 Nxf4 19. Qxf4 dxc2 20. O-O
cxb1=Q 21. Raxb1 Qg4+ 22. Qxg4+ Nxg4 23. Rfe1 Bc5 24. Ne4 Bb6 25. b4 Nxf2 26.
Nxf2 Rd2 27. Rf1 Rf8 28. a4 Rdxf2 29. Rxf2 Bxf2+ 30. Kg2 Bxh4 31. Kh3 Bxg5 32.
Rg1 Bf6 0-1

[Event "Russian Championship G13 1st league 2016"]
[Site "Loo"]
[Date "2016.04.24"]
[Round "5.2"]
[White "Artiukhova, Elizaveta"]
[Black "Shubina, Ekaterina"]
[Result "1-0"]
[WhiteElo "1443"]
[BlackElo "1469"]
[PlyCount "101"]
[EventDate "2016.04.20"]

1. d4 d5 2. Nf3 Nf6 3. Bf4 c5 4. e3 g6 5. c3 Qb6 6. Qc2 Bf5 7. dxc5 Bxc2 8.
cxb6 axb6 9. a3 Nc6 10. Bb5 Ba4 11. Nd4 Bxb5 12. Nxb5 Rc8 13. Nd2 Bg7 14. Nc7+
Kd7 15. Nb5 Nh5 16. Bg3 Nxg3 17. hxg3 h5 18. Rb1 e6 19. Ra1 Na5 20. Rd1 Ke7 21.
Ke2 e5 22. Rc1 Nc4 23. Nxc4 Rxc4 24. Rhd1 Rc5 25. a4 Ke6 26. c4 d4 27. exd4
exd4 28. Nxd4+ Bxd4 29. Rxd4 Rhc8 30. Kd3 Ra5 31. b3 Rc7 32. Re1+ Re5 33. Rxe5+
Kxe5 34. Rd5+ Ke6 35. Kd4 f6 36. f3 Rc6 37. Rd8 Ke7 38. Rd5 Re6 39. Kc3 Re3+
40. Rd3 Re1 41. Rd2 Re3+ 42. Kb4 g5 43. Rd4 Re2 44. Re4+ Rxe4 45. fxe4 Kd7 46.
Kc3 Ke6 47. Kd3 f5 48. exf5+ Kxf5 49. Ke3 Ke5 50. b4 h4 51. g4 1-0

[Event "Russian Championship G13 1st league 2016"]
[Site "Loo"]
[Date "2016.04.24"]
[Round "5.3"]
[White "Lukianchenko, Alisa"]
[Black "Emelyanenko, Marina"]
[Result "1-0"]
[WhiteElo "1349"]
[BlackElo "1451"]
[PlyCount "79"]
[EventDate "2016.04.20"]

1. c4 e5 2. Nc3 Nc6 3. Nf3 g6 4. d4 exd4 5. Nxd4 Bg7 6. e3 f5 7. Be2 Nf6 8. O-O
O-O 9. Bf3 Ne5 10. Be2 Kh8 11. Nf3 d6 12. Nd5 Ne4 13. Nd4 Re8 14. Bd2 Be6 15.
Ba5 b6 16. Be1 c6 17. Nxe6 Rxe6 18. Nf4 Re7 19. f3 Nf6 20. Bc3 d5 21. cxd5 cxd5
22. Bb4 Re8 23. Bb5 Ned7 24. Nxd5 Re5 25. Bc6 Rc8 26. Nxf6 Nxf6 27. Qxd8+ Rxd8
28. Kf2 Re6 29. Ba4 Nd5 30. Bb3 Rc6 31. Ba3 Nc7 32. Rad1 Re8 33. Rd2 Ne6 34.
Ba4 Rcc8 35. Bxe8 Rxe8 36. b3 h6 37. Bb2 Bxb2 38. Rxb2 Nc5 39. Rd2 Kg7 40. b4
1-0

[Event "Russian Championship G13 1st league 2016"]
[Site "Loo"]
[Date "2016.04.24"]
[Round "5.4"]
[White "Tarielashvili, Diana"]
[Black "Shestakova, Ekaterina"]
[Result "0-1"]
[WhiteElo "1441"]
[BlackElo "1740"]
[PlyCount "60"]
[EventDate "2016.04.20"]

1. e4 c5 2. Nf3 e6 3. d4 cxd4 4. Nxd4 Nf6 5. Nc3 d6 6. Be2 Be7 7. O-O O-O 8. f4
a6 9. Be3 Qc7 10. Qe1 b5 11. a3 Bb7 12. Bd3 Ng4 13. Kh1 Nxe3 14. Qxe3 Bf6 15.
f5 Qc5 16. Ncxb5 axb5 17. c3 Nc6 18. Nc2 Qxe3 19. Nxe3 Ba6 20. fxe6 fxe6 21. g3
Ne5 22. Be2 Bb7 23. Ng2 Bxe4 24. Bxb5 Rfb8 25. a4 Ng4 26. Kg1 Bxg2 27. Kxg2
Ne3+ 28. Kf2 Nxf1 29. Kxf1 Rxb5 30. axb5 Rxa1+ 0-1

[Event "Russian Championship G13 1st league 2016"]
[Site "Loo"]
[Date "2016.04.24"]
[Round "5.5"]
[White "Ershova, Margarita"]
[Black "Vityugova, Yaroslava"]
[Result "0-1"]
[WhiteElo "1513"]
[BlackElo "1386"]
[PlyCount "60"]
[EventDate "2016.04.20"]

1. e4 e6 2. d4 d5 3. Nd2 c5 4. Ne2 Nc6 5. c3 Nf6 6. e5 Nd7 7. Nf3 b5 8. a3 a5
9. Bd2 Qb6 10. g3 Rb8 11. Bg2 Ba6 12. Be3 b4 13. axb4 cxb4 14. Bd2 bxc3 15.
Bxc3 Bb4 16. Qd2 Bxe2 17. Kxe2 Qa6+ 18. Ke1 Qc4 19. Rc1 Bxc3 20. Rxc3 Qb5 21.
Qc1 Ne7 22. Rc2 Qb4+ 23. Qd2 Qxd2+ 24. Kxd2 Nb6 25. b3 Nd7 26. Ra1 Rxb3 27.
Rxa5 Nb6 28. Bf1 Rxf3 29. Ke2 Rb3 30. Rc7 Nf5 0-1

[Event "Russian Championship G13 1st league 2016"]
[Site "Loo"]
[Date "2016.04.24"]
[Round "5.6"]
[White "Airapetyan, Anzhelika"]
[Black "Semenova, Dariya"]
[Result "1/2-1/2"]
[WhiteElo "1416"]
[BlackElo "1511"]
[PlyCount "81"]
[EventDate "2016.04.20"]

1. e4 c5 2. Nf3 e6 3. d4 cxd4 4. Nxd4 Nf6 5. Nc3 Nc6 6. Be3 Bb4 7. f3 Bxc3+ 8.
bxc3 d5 9. Bb5 Qc7 10. Qd2 O-O 11. Nxc6 bxc6 12. e5 Nd7 13. Bd3 Qxe5 14. O-O
Qd6 15. Qf2 e5 16. Qh4 h6 17. g4 e4 18. fxe4 dxe4 19. Bxe4 Nf6 20. Bd3 Nxg4 21.
Rad1 Qe6 22. Bc1 Qxa2 23. h3 Ne5 24. Bxh6 Qe6 25. Bxg7 Ng6 26. Bxg6 Qxg6+ 27.
Kh1 Kxg7 28. Rg1 Bf5 29. Rxg6+ fxg6 30. Rg1 a5 31. Qd4+ Rf6 32. Re1 Raf8 33.
Qa7+ R8f7 34. Qxa5 Bxh3 35. Qe5 Bf5 36. Re2 Bg4 37. Rf2 Bf5 38. Rd2 Be6 39. Rd6
Bd5+ 40. Kh2 Rf8 41. Kg3 1/2-1/2